000 00490nam a2200181Ia 4500
008 090123s9999 xx 000 0 und d
082 _b15881
100 _aहैलन
245 _aखतरनाक जोगिन
250 _a0
260 _bकंचन पॉकेट बुक्स
300 _a152
600 _aहैलन
630 _aखतरनाक जोगिन
700 _aहैलन
730 _aखतरनाक जोगिन
942 _cBOOK
999 _c53942
_d53942